000
00284pam a2200133 a 4500
020
_c
041
_h
082
_a
759.1
_b
BAI
100
_a
Martin Bailey.
245
_a
Durer
_h
Textual Documents
260
_a
America
_b
Phaidon Book
_c
2003
300
_a
48:
_b
paper.
930
_a
5227
999
_c
239017
_d
239017